Xavi's Barcelona - Statistics

General Stats
  • This quiz has been taken 41 times
  • The average score is 36 of 59
Answer Stats
Rank Player Position Nationality Matches Goals Assists % Correct
3 Frenkie de Jong Central Midfield 107 8 7
97%
33 Luuk de Jong Centre-Forward 20 6 1
97%
1 Marc-André ter Stegen Goalkeeper 121 0 0
97%
6 Robert Lewandowski Centre-Forward 95 59 17
97%
11 Andreas Christensen Centre-Back 74 4 3
93%
5 Gavi Central Midfield 97 7 13
93%
14 Jordi Alba Left-Back 63 5 13
93%
7 Jules Koundé Right-Back 88 3 10
93%
19 Lamine Yamal Right Winger 51 7 9
93%
8 Pedri Central Midfield 87 16 7
93%
4 Ronald Araujo Centre-Back 100 5 4
93%
12 Alejandro Balde Left-Back 74 2 8
90%
13 Ousmane Dembélé Right Winger 66 10 22
90%
9 Raphinha Left Winger 87 20 25
90%
10 Sergio Busquets Defensive Midfield 77 2 5
90%
2 Ferran Torres Centre-Forward 113 25 13
86%
40 Pablo Torre Attacking Midfield 13 1 1
86%
31 Pierre-Emerick Aubameyang Centre-Forward 24 13 1
83%
22 Franck Kessié Central Midfield 43 3 3
79%
18 İlkay Gündoğan Central Midfield 51 5 14
79%
35 Sergiño Dest Right-Back 18 0 0
79%
23 João Cancelo Right-Back 42 4 5
76%
21 João Félix Second Striker 44 10 6
76%
34 Clément Lenglet Centre-Back 19 0 1
72%
25 Gerard Piqué Centre-Back 37 1 0
72%
27 Memphis Depay Centre-Forward 26 8 1
72%
36 Dani Alves Right-Back 17 1 4
69%
24 Fermín López Attacking Midfield 42 11 1
69%
16 Eric García Centre-Back 58 1 2
66%
30 Pau Cubarsí Centre-Back 24 0 1
66%
32 Iñaki Peña Goalkeeper 22 0 0
62%
15 Ansu Fati Left Winger 61 12 4
59%
49 Marc Casadó Defensive Midfield 5 0 0
59%
29 Iñigo Martínez Centre-Back 25 0 0
55%
54 Martin Braithwaite Centre-Forward 2 0 0
52%
55 Samuel Umtiti Centre-Back 1 0 0
52%
38 Vitor Roque Centre-Forward 16 2 0
52%
53 Neto Goalkeeper 2 0 0
48%
17 Sergi Roberto Central Midfield 57 7 6
48%
46 Marc Guiu Centre-Forward 7 2 0
45%
47 Philippe Coutinho Attacking Midfield 5 1 1
45%
42 Riqui Puig Central Midfield 12 1 0
45%
20 Marcos Alonso Left-Back 45 3 0
41%
26 Oriol Romeu Defensive Midfield 37 0 1
41%
41 Abde Ezzalzouli Left Winger 12 1 0
38%
28 Nico González Central Midfield 26 2 1
38%
39 Óscar Mingueza Right-Back 14 0 2
31%
52 Yusuf Demir Right Winger 3 0 0
31%
37 Adama Traoré Right Winger 17 0 4
28%
57 Chadi Riad Centre-Back 1 0 0
24%
44 Ferran Jutglà Centre-Forward 9 2 0
24%
45 Héctor Bellerín Right-Back 7 0 0
21%
43 Héctor Fort Right-Back 10 0 3
21%
51 Ilias Akhomach Right Winger 3 0 0
17%
59 Aleix Garrido Central Midfield 1 0 0
14%
58 Estanis Pedrola Left Winger 1 0 0
14%
56 Mika Mármol Centre-Back 1 0 0
14%
50 Álvaro Sanz Defensive Midfield 4 0 0
10%
48 Ángel Alarcón Left Winger 5 0 0
10%
No matching quizzes found
Score Distribution
Percent of People with Each Score
Percentile by Number Answered
Your Score History
You have not taken this quiz